The Norwegian Empire Quiz Stats

 Plays Quiz not verified by Sporcle

Also try: 'I'-Less States
Challenge
Share
Tweet
Embed
Score 0/8 Timer 08:00
0 Plays Today
Incorporated in Answer % Correct
1178Sweden
96.1%
Ca. 874Iceland
89.2%
Late 9th centuryIreland
78.4%
Ca. 1000Canada
63.5%
Late 9th centuryEngland
61.9%
Ca. 986Greenland
60.2%
875Scotland
58.4%
Ca. 800Faroe Islands
34.6%

You're not logged in!

Compare scores with friends on all Sporcle quizzes.
OR
Log In

You Might Also Like...

Show Comments

Extras

Top Quizzes Today


Score Distribution

Your Account Isn't Verified!

In order to create a playlist on Sporcle, you need to verify the email address you used during registration. Go to your Sporcle Settings to finish the process.

Report this User

Report this user for behavior that violates our Community Guidelines.

Details: